000 00399nam a2200157Ia 4500
008 230711s9999||||xx |||||||||||||| ||und||
041 _aENG
082 _a621
_bFO-S
100 _aFortescue,Peter
245 0 _aSpace craft system engineering
250 _a1st . Ed.
260 _c1994
_aNew York
_bTata McGraw Hill Education Limited
650 _aArchitecture
700 _aStark,John
942 _cBK
999 _c3574
_d3574